000 00447nam a2200181Ia 4500
008 190425s9999 xx 000 0 und d
100 _aSimeon, Louise Maureen
245 _aDA eyes plan for farmers/
245 _cLouise Maureen Simeon
260 _bThe Philippine Star
260 _c2018
300 _aMarch 25
440 _aThe Philippine Star
650 _aagriculture
650 _afarmers
650 _afarming
650 _apension
999 _c361628
_d361628